Statistiques concernant Pokémon : 1ère génération (135 suivants et leur(s) type(s))

Cliquez ici pour prendre le quiz!

Statistiques générales

  • Ce quiz a été pris 15 fois
  • Le résultat moyen est 122 sur 135

Statistiques - réponses

#PokémonType 1Type 2% Correct
283ArakdoINSECTEEAU
100%
252ArckoPLANTE/
100%
266ArmulysINSECTE/
100%
343BalbutoSOLPSY
100%
279BekipanEAUVOL
100%
268BlindalysINSECTE/
100%
257BraségaliFEUCOMBAT
100%
318CarvanhaEAUTENEBRES
100%
267CharmillonINSECTEVOL
100%
265ChenipotteINSECTE/
100%
371DrabyDRAGON/
100%
372DrackhausDRAGON/
100%
373DrattakDRAGONVOL
100%
259FlobioEAUSOL
100%
256GalifeuFEUCOMBAT
100%
282GardevoirPSYFEE
100%
258GobouEAU/
100%
278GoéliseEAUVOL
100%
262GrahyènaTENEBRES/
100%
277HélédelleNORMALVOL
100%
254JungkoPLANTE/
100%
365KaimorseGLACEEAU
100%
344KaorineSOLPSY
100%
281KirliaPSYFEE
100%
260LaggronEAUSOL
100%
284MaskadraINSECTEVOL
100%
253MasskoPLANTE/
100%
261MedhyènaTENEBRES/
100%
376MétalosseACIERPSY
100%
375MétangACIERPSY
100%
289MonaflèmitNORMAL/
100%
276NirondelleNORMALVOL
100%
363ObalieGLACEEAU
100%
269PapinoxINSECTEPOISON
100%
287ParecoolNORMAL/
100%
364PhogleurGLACEEAU
100%
255PoussifeuFEU/
100%
319SharpedoEAUTENEBRES
100%
280TarsalPSYFEE
100%
302TénéfixSPECTRETENEBRES
100%
374TerhalACIERPSY
100%
288VigorothNORMAL/
100%
347AnorithROCHEINSECTE
92%
348ArmaldoROCHEINSECTE
92%
285BalignonPLANTE/
92%
354BranetteSPECTRE/
92%
295BrouhabamNORMAL/
92%
331CacneaPLANTE/
92%
332CacturnePLANTETENEBRES
92%
323CaméruptFEUSOL
92%
322ChamallotFEUSOL
92%
286ChapignonPLANTECOMBAT
92%
308CharminaCOMBATPSY
92%
293ChuchmurNORMAL/
92%
386DéoxysPSY/
92%
305GalegonACIERROCHE
92%
304GalekidACIERROCHE
92%
306GalekingACIERROCHE
92%
273GrainipiotPLANTE/
92%
383GroudonSOL/
92%
297HariyamaCOMBAT/
92%
385JirachiACIERPSY
92%
328KraknoixSOL/
92%
382KyogreEAU/
92%
380LatiasDRAGONPSY
92%
381LatiosDRAGONPSY
92%
330LibégonSOLDRAGON
92%
345LiliaROCHEPLANTE
92%
264LinéonNORMAL/
92%
271LombreEAUPLANTE
92%
272LudicoloEAUPLANTE
92%
296MakuhitaCOMBAT/
92%
335MangriffNORMAL/
92%
307MéditikkaCOMBATPSY
92%
292MunjaINSECTESPECTRE
92%
303MysdibuleACIERFEE
92%
270NénupiotEAUPLANTE
92%
290NingaleINSECTESOL
92%
291NinjaskINSECTEVOL
92%
362OniglaliGLACE/
92%
274PifeuilPLANTETENEBRES
92%
353PolichombrSPECTRE/
92%
384RayquazaDRAGONVOL
92%
378RegiceGLACE/
92%
377RegirockROCHE/
92%
379RegisteelACIER/
92%
315RoséliaPLANTEPOISON
92%
336SéviperPOISON/
92%
361StalgaminGLACE/
92%
275TengalicePLANTETENEBRES
92%
357TropiusPLANTEVOL
92%
346VacilysROCHEPLANTE
92%
329VibraninfSOLDRAGON
92%
263ZigzatonNORMAL/
92%
334AltariaDRAGONVOL
85%
317AvaltoutPOISON/
85%
339BarlocheEAUSOL
85%
324ChartorFEU/
85%
342ColhomardEAUTENEBRES
85%
366CoquiperlEAU/
85%
301DelcattyNORMAL/
85%
309DynavoltELECTRIK/
85%
341ÉcrapinceEAU/
85%
310ÉlecsprintELECTRIK/
85%
316GlouptiPOISON/
85%
370LovdiscEAU/
85%
312NégapiELECTRIK/
85%
311PosipiELECTRIK/
85%
294RamboumNORMAL/
85%
369RelicanthEAUROCHE
85%
368RosabyssEAU/
85%
337SélérocROCHEPSY
85%
367SerpangEAU/
85%
355SkelénoxSPECTRE/
85%
300SkittyNORMAL/
85%
338SolarocROCHEPSY
85%
356TéraclopeSPECTRE/
85%
333TyltonNORMALVOL
85%
359AbsolTENEBRES/
77%
298AzurillNORMALFEE
77%
340BarbichaEAUSOL
77%
326GroretPSY/
77%
327SpindaNORMAL/
77%
325SpoinkPSY/
77%
299TarinorROCHE/
77%
320WailmerEAU/
77%
321WailordEAU/
77%
349BarpauEAU/
69%
358ÉokoPSY/
69%
350MilobellusEAU/
69%
360OkéokéPSY/
69%
352KécléonNORMAL/
62%
314LumivoleINSECTE/
62%
313MucioleINSECTE/
62%
351MorphéoNORMAL/
54%

Distribution des résultats

Percentile par nombre de réponses

% des personnes avec chaque résultat

Votre développement - résultats

Vous n’avez pas pris ce quiz